Đánh giá quan hệ lao động trong doanh nghiệp vừa và nhỏ qua việc trả lương cho người lao động (Nghiên cứu trường hợp hai công ty may ở Hưng Yên) /

Gorde:
Xehetasun bibliografikoak
Egile nagusia: Vũ Thị Bích Ngọc.
Formatua: Artikulua
Hizkuntza:Vietnamese
Gaiak:
Etiketak: Etiketa erantsi
Etiketarik gabe, Izan zaitez lehena erregistro honi etiketa jartzen!
Thư viện lưu trữ: Thư viện Trường Đại học Đà Lạt
LEADER 00923nam a2200277 4500
001 DLU180186191
005 ##20180814
040 # # |a DLU  |b vie 
041 # # |a vie 
044 # # |a vn 
100 # # |a Vũ Thị Bích Ngọc. 
245 # # |a Đánh giá quan hệ lao động trong doanh nghiệp vừa và nhỏ qua việc trả lương cho người lao động (Nghiên cứu trường hợp hai công ty may ở Hưng Yên) /  |c Vũ Thị Bích Ngọc. 
653 # # |a Doanh nghiệp 
653 # # |a Người lao động 
653 # # |a Quan hệ lao động 
653 # # |a Tiền lương  
773 # # |t Xã hội học  |g Số 3(139), 2017, tr. 22-27 
920 # # |a Phòng Tạp chí -- Trung tâm Thông tin - Thư viện Trường Đại học Đà Lạt 
994 # # |a DLU 
900 # # |a True 
911 # # |a Hoàng Thị Huyền 
925 # # |a G 
926 # # |a A 
927 # # |a BB 
980 # # |a Thư viện Trường Đại học Đà Lạt